| 000 | 00420nam a2200181Ia 4500 | ||
|---|---|---|---|
| 001 | 18814 | ||
| 005 | 20260306171658.0 | ||
| 008 | 260306s9999||||xx |||||||||||||| ||und|| | ||
| 041 | _aESP | ||
| 082 |
_a658.5 _bL85 |
||
| 100 |
_aLong, Douglas _eAUT |
||
| 245 | 0 | _aLogística internacional | |
| 260 | _c2006 | ||
| 300 |
_axxviii, 474 páginas : _ccm. |
||
| 650 | _aGEN | ||
| 654 | _aCAN | ||
| 942 |
_cLIB _dJUS _fJUS _2ddc _n |
||
| 999 |
_c18814 _d18814 |
||